Catálogo

Toxicología fundamental / (Registro nro. 29358)

Detalles MARC
000 -LEADER
fixed length control field 01292nam a2200337 i 4500
001 - CONTROL NUMBER
control field 29358
003 - CONTROL NUMBER IDENTIFIER
control field Mx-PuUPA
005 - DATE AND TIME OF LATEST TRANSACTION
control field 20260323123335.0
008 - FIXED-LENGTH DATA ELEMENTS--GENERAL INFORMATION
fixed length control field 140415s2024 sp a gr 001 0 spa d
017 ## - COPYRIGHT OR LEGAL DEPOSIT NUMBER
Copyright or legal deposit number M-73592024
020 ## - INTERNATIONAL STANDARD BOOK NUMBER
International Standard Book Number 9788490524794
040 ## - CATALOGING SOURCE
Transcribing agency Mx-PuUPA
Original cataloging agency Mx-PuUPA
Language of cataloging spa
Modifying agency Mx-PuUPA
Description conventions rda
041 0# - LANGUAGE CODE
Language code of text/sound track or separate title spa
100 1# - MAIN ENTRY--PERSONAL NAME
Personal name Repetto, Manuel,
Relator term autor
9 (RLIN) 17931
245 10 - TITLE STATEMENT
Title Toxicología fundamental /
Statement of responsibility, etc. Manuel Repetto Jiménez, Guillermo Repetto Kuhn
250 ## - EDITION STATEMENT
Edition statement Quinta edición
264 #1 - PRODUCTION, PUBLICATION, DISTRIBUTION, MANUFACTURE, AND COPYRIGHT NOTICE
Place of production, publication, distribution, manufacture Madrid :
Name of producer, publisher, distributor, manufacturer Ediciones Díaz de Santos,
Date of production, publication, distribution, manufacture, or copyright notice [2024?]
300 ## - PHYSICAL DESCRIPTION
Extent xxxix, 753 páginas :
Other physical details ilustraciones (blanco y negro) ;
Dimensions 25 cm
336 ## - CONTENT TYPE
Fuente rdacontent
Content type term texto
Content type code txt
337 ## - MEDIA TYPE
Source rdamedia
Media type term sin medio
Media type code n
338 ## - CARRIER TYPE
Source rdacarrier
Carrier type term volumen
Carrier type code nc
650 #7 - SUBJECT ADDED ENTRY--TOPICAL TERM
Source of heading or term armarc
Topical term or geographic name entry element Neurotoxicología
650 #7 - SUBJECT ADDED ENTRY--TOPICAL TERM
Source of heading or term armarc
Topical term or geographic name entry element Toxicología
650 #7 - SUBJECT ADDED ENTRY--TOPICAL TERM
Source of heading or term armarc
Topical term or geographic name entry element Toxicología
Form subdivision Tratados, manuales, etc.
700 1# - ADDED ENTRY--PERSONAL NAME
Personal name Repetto Kuhn, Guillermo,
Relator term autor
942 ## - ADDED ENTRY ELEMENTS (KOHA)
Source of classification or shelving scheme Dewey Decimal Classification
Koha item type Libro
Classification part 571.95
Item part R42
Existencias
Withdrawn status Lost status Source of classification or shelving scheme Damaged status Not for loan Collection code Home library Current library Shelving location Date acquired Source of acquisition Cost, normal purchase price Total Checkouts Full call number Barcode Date last seen Cost, replacement price Price effective from Koha item type Copy number
    Dewey Decimal Classification     General Biblioteca Karol Wojtyla Biblioteca Karol Wojtyla Sala general 17/03/2026 2 2636.55   571.95 R42 2024 106334 07/04/2026 2636.55 17/03/2026 Reserva permanente  
    Dewey Decimal Classification     General Biblioteca Karol Wojtyla Biblioteca Karol Wojtyla Sala general 17/03/2026 2 2636.55   571.95 R42 2024 106335 07/04/2026 2636.55 17/03/2026 Reserva permanente Ej.2